[Event "Moscow Gaprindashvili Jubilee"]
[Site "Moscow"]
[Date "2011.10.07"]
[Round "7"]
[White "Litynska, Marta"]
[Black "Saunina, Ludmila"]
[Result "0-1"]
[WhiteElo "2326"]
[BlackElo "2274"]
[PlyCount "86"]
[EventDate "2011.10.05"]
[EventType "tourn (rapid)"]
[EventRounds "9"]
[EventCountry "RUS"]
[EventCategory "1"]
[SourceTitle "CBM 144 Extra"]
[Source "ChessBase"]
[SourceDate "2011.10.28"]
[SourceVersion "1"]
[SourceVersionDate "2011.10.28"]
[SourceQuality "1"]

1. Nf3 b6 2. d4 Bb7 3. c4 e6 4. a3 f5 5. Nc3 Nf6 6. d5 Bd6 7. g3 Qe7 8. Bg2 c6 9. dxe6 dxe6 10. 0-0 0-0 11. Qc2 c5 12. Nb5 Be4 13. Qc3 Nc6 14. Nxd6 Qxd6 15. Be3 e5 16. Rad1 Nd4 17. Rd2 Rad8 18. b3 Qc7 19. Qb2 Qb7 20. Nh4 Bxg2 21. Nxg2 Ne4 22. Rdd1 g5 23. f3 Nxe2+ 24. Qxe2 Nc3 25. Qc2 Nxd1 26. Rxd1 f4 27. Bf2 Qxf3 28. Re1 e4 29. gxf4 gxf4 30. Qxe4 Qxe4 31. Rxe4 Rd1+ 32. Ne1 Rb1 33. b4 cxb4 34. axb4 Rxb4 35. Nd3 Rb1+ 36. Kg2 f3+ 37. Kg3 a5 38. Ne5 h5 39. Nd7 Rf7 40. Nxb6 Rg7+ 41. Kh3 Rg2 42. Re8+ Kf7 43. Rg8 Kxg8 0-1

[Event "Moscow Gaprindashvili Jubilee"]
[Site "Moscow"]
[Date "2011.10.05"]
[Round "2"]
[White "Litynska, Marta"]
[Black "Gaprindashvili, Nona"]
[Result "1/2-1/2"]
[WhiteElo "2326"]
[BlackElo "2360"]
[PlyCount "139"]
[EventDate "2011.10.05"]
[EventType "tourn (rapid)"]
[EventRounds "9"]
[EventCountry "RUS"]
[EventCategory "1"]
[SourceTitle "CBM 144 Extra"]
[Source "ChessBase"]
[SourceDate "2011.10.28"]
[SourceVersion "1"]
[SourceVersionDate "2011.10.28"]
[SourceQuality "1"]

1. c4 g6 2. Nf3 Bg7 3. d4 d6 4. e4 Nd7 5. Nc3 e5 6. Be2 f6 7. Be3 Nh6 8. h3 Nf7 9. Qd2 0-0 10. 0-0 c6 11. Rfe1 f5 12. dxe5 dxe5 13. exf5 gxf5 14. Qc2 Qf6 15. Rad1 Re8 16. Bf1 Nf8 17. Bc1 Be6 18. Ne2 Rad8 19. b3 Ng6 20. Rxd8 Rxd8 21. Rd1 Rxd1 22. Qxd1 Bf8 23. Bb2 Bc5 24. Qd2 Qe7 25. Bc3 Qd7 26. Qxd7 Bxd7 27. b4 Be7 28. c5 Be6 29. Nc1 Bd5 30. Nd2 Bg5 31. Ncb3 Nf4 32. Nc4 Bxg2 33. Nxe5 Bxf1 34. Kxf1 Nxe5 35. Bxe5 Nd5 36. a3 Bd8 37. Bb8 a6 38. Be5 Kf7 39. Ke2 Ke6 40. f4 Kf7 41. Kd3 Ne7 42. Nd4 a5 43. Bd6 axb4 44. axb4 Nd5 45. Nxf5 Nxb4+ 46. Ke4 Na6 47. Nd4 Ba5 48. Nc2 Bc3 49. h4 Bf6 50. h5 Be7 51. Bxe7 Kxe7 52. Kd4 Nc7 53. f5 Kf6 54. Ne3 Na6 55. Kc4 Ke5 56. h6 Nc7 57. Kd3 Nd5 58. Nc4+ Kxf5 59. Nd6+ Kg6 60. Nxb7 Kxh6 61. Nd8 Ne7 62. Ke4 Kg5 63. Kf3 h5 64. Kg3 Nf5+ 65. Kh3 Nd4 66. Nf7+ Kf6 67. Nd8 Ke7 68. Nb7 Nf5 69. Na5 Kd7 70. Kh2 1/2-1/2

[Event "Wch Seniors (Women) 14th"]
[Site "Halle"]
[Date "2004.11.02"]
[Round "8"]
[White "Blagonadezhnaya, Idea"]
[Black "Litynska, Marta"]
[Result "0-1"]
[WhiteElo "2056"]
[BlackElo "2344"]
[PlyCount "124"]
[EventDate "2004.10.24"]
[EventType "swiss"]
[EventRounds "9"]
[EventCountry "GER"]
[SourceTitle "EXT 2006"]
[Source "ChessBase"]
[SourceDate "2005.11.24"]
[SourceVersion "1"]
[SourceVersionDate "2005.11.24"]
[SourceQuality "1"]

1. e4 c5 2. g3 d5 3. exd5 Qxd5 4. Nf3 Bg4 5. Bg2 Nc6 6. h3 Qe6+ 7. Kf1 Bh5 8. Kg1 h6 9. Kh2 Nf6 10. Re1 Qd7 11. d3 g5 12. Be3 e6 13. Nbd2 Rd8 14. Ne4 Nxe4 15. dxe4 Be7 16. Qxd7+ Rxd7 17. c3 b6 18. Rad1 Kd8 19. Rxd7+ Kxd7 20. Nd2 Ne5 21. Bf1 Kc7 22. Kg2 Rd8 23. g4 Bg6 24. f3 f5 25. Nc4 Nc6 26. exf5 exf5 27. Bf2 f4 28. Ne5 Nxe5 29. Rxe5 Kd6 30. Re1 Bf7 31. a3 Bf6 32. Rd1+ Kc7 33. Rxd8 Kxd8 34. Bd3 Kc7 35. Kf1 Bd5 36. Ke2 c4 37. Bf5 Kc6 38. a4 Kb7 39. Bd7 Bf7 40. Bb5 a6 41. Bd7 Bg6 42. Bf5 Bxf5 43. gxf5 Kc6 44. Kd2 b5 45. axb5+ axb5 46. Ba7 Be5 47. Ke2 Kd7 48. Bc5 Ke8 49. Bd4 Bxd4 50. cxd4 Ke7 51. d5 b4 52. Kd2 h5 53. Ke2 h4 54. Kd2 b3 55. Kc3 g4 56. fxg4 f3 57. g5 f2 58. f6+ Kd6 59. f7 f1Q 60. g6 Kxd5 61. Kb4 Qf6 62. Ka4 Kc5 0-1

[Event "Wch Seniors (Women) 14th"]
[Site "Halle"]
[Date "2004.10.26"]
[Round "3"]
[White "Litynska, Marta"]
[Black "Fatalibekova, Elena"]
[Result "0-1"]
[WhiteElo "2344"]
[BlackElo "2296"]
[PlyCount "62"]
[EventDate "2004.10.24"]
[EventType "swiss"]
[EventRounds "9"]
[EventCountry "GER"]
[SourceTitle "EXT 2006"]
[Source "ChessBase"]
[SourceDate "2005.11.24"]
[SourceVersion "1"]
[SourceVersionDate "2005.11.24"]
[SourceQuality "1"]

1. d4 d5 2. c4 c6 3. Nf3 Nf6 4. Nc3 a6 5. e3 g6 6. Bd3 Bg7 7. h3 0-0 8. Qc2 b5 9. b3 Nbd7 10. 0-0 Bb7 11. Bb2 bxc4 12. bxc4 dxc4 13. Bxc4 c5 14. Ne5 cxd4 15. exd4 Nb6 16. Bb3 Rc8 17. Rfd1 Nbd5 18. Bxd5 Nxd5 19. Qd2 Nxc3 20. Bxc3 Qd5 21. Nf3 Qh5 22. Ne1 Rfd8 23. Qb2 Ba8 24. Rd3 e6 25. Qa3 Qb5 26. Rad1 Be4 27. Re3 Bd5 28. Nd3 Bxg2 29. Kxg2 Qc6+ 30. Rf3 Qxc3 31. Qxa6 Qc6 0-1

[Event "Wch Seniors (Women) 12th"]
[Site "Naumburg"]
[Date "2002.10.30"]
[Round "8"]
[White "Cherkasova, Eugenia"]
[Black "Litynska, Marta"]
[Result "0-1"]
[WhiteElo "2183"]
[BlackElo "2402"]
[PlyCount "82"]
[EventDate "2002.10.21"]
[EventType "swiss"]
[EventRounds "11"]
[EventCountry "GER"]
[SourceTitle "EXT 2006"]
[Source "ChessBase"]
[SourceDate "2005.11.24"]
[SourceVersion "1"]
[SourceVersionDate "2005.11.24"]
[SourceQuality "1"]

1. e4 c5 2. Nf3 e6 3. Qe2 Nc6 4. c3 d5 5. d3 Nf6 6. e5 Nd7 7. g3 Qc7 8. Bf4 b5 9. Bg2 Be7 10. 0-0 0-0 11. h4 a5 12. Nbd2 a4 13. Rfe1 Ba6 14. Rac1 Qb6 15. h5 Rfc8 16. Nh2 c4 17. d4 a3 18. Qg4 axb2 19. Rb1 Qd8 20. Ndf3 b4 21. Bd2 bxc3 22. Bxc3 Nb4 23. h6 g6 24. Re3 Nxa2 25. Rxb2 Nxc3 26. Rxc3 Rcb8 27. Rbc2 Bb5 28. Nf1 Ra1 29. N3d2 Ba4 30. Rc1 Rxc1 31. Rxc1 Rb2 32. Nb1 Bb5 33. Ne3 Rb3 34. Nc3 Nb6 35. f4 Bd7 36. Qe2 Bf8 37. Bxd5 exd5 38. Nexd5 Ba4 39. Qf3 Bc6 40. Ne7+ Bxe7 41. Qxc6 Qd7 0-1

[Event "UKR-ch (Women)"]
[Site "Kramatorsk"]
[Date "2001.04.05"]
[Round "10"]
[White "Zdebskaja, Natalia"]
[Black "Litynska, Marta"]
[Result "1/2-1/2"]
[WhiteElo "2172"]
[BlackElo "2374"]
[PlyCount "129"]
[EventDate "2001.03.26"]
[EventType "tourn"]
[EventRounds "13"]
[EventCountry "UKR"]
[EventCategory "2"]
[SourceTitle "CBM 081 Extra"]
[Source "ChessBase"]
[SourceDate "2001.05.06"]
[SourceVersion "1"]
[SourceVersionDate "2001.05.06"]
[SourceQuality "1"]

1. e4 c5 2. Nf3 d6 3. d4 cxd4 4. Nxd4 Nf6 5. Nc3 a6 6. g3 e5 7. Nde2 Be6 8. Bg2 Nbd7 9. h3 b5 10. g4 Nb6 11. g5 Nfd7 12. Ng3 g6 13. Nd5 Rc8 14. c3 h6 15. h4 hxg5 16. hxg5 Rxh1+ 17. Bxh1 Be7 18. Nxe7 Kxe7 19. f4 exf4 20. Bxf4 Ne5 21. Qd4 Qc7 22. Ne2 Nbd7 23. b3 a5 24. Kf2 Qc5 25. Qxc5 Nxc5 26. Nd4 Ncd3+ 27. Kg3 Nxf4 28. Kxf4 Bd7 29. Ne2 Rc5 30. Rg1 b4 31. c4 Rc8 32. Bg2 Rh8 33. Rh1 Rxh1 34. Bxh1 Bg4 35. Nd4 Bd1 36. Bg2 Kd7 37. Bh3+ Kc7 38. Ke3 Kb6 39. Bf1 Bg4 40. Be2 Bd7 41. Kf4 Kc5 42. Ke3 Bh3 43. Nc2 Nc6 44. Ne1 Ne5 45. Nc2 Be6 46. Nd4 Bd7 47. Nc2 a4 48. Nd4 a3 49. Nc2 Be6 50. Nd4 Bg4 51. Bf1 Bd1 52. Be2 Bxe2 53. Nxe2 f6 54. gxf6 Ng4+ 55. Kd3 Nxf6 56. Nf4 Ng4 57. Nxg6 Nf2+ 58. Ke3 Nd1+ 59. Kd3 Nc3 60. e5 dxe5 61. Nxe5 Nxa2 62. Kc2 Kb6 63. Nd3 Ka5 64. Kb1 Nc3+ 65. Ka1 1/2-1/2

[Event "UKR-ch (Women)"]
[Site "Kramatorsk"]
[Date "2001.03.31"]
[Round "6"]
[White "Alexandrova, Olga"]
[Black "Litynska, Marta"]
[Result "1-0"]
[WhiteElo "2425"]
[BlackElo "2374"]
[PlyCount "67"]
[EventDate "2001.03.26"]
[EventType "tourn"]
[EventRounds "13"]
[EventCountry "UKR"]
[EventCategory "2"]
[SourceTitle "CBM 081 Extra"]
[Source "ChessBase"]
[SourceDate "2001.05.06"]
[SourceVersion "1"]
[SourceVersionDate "2001.05.06"]
[SourceQuality "1"]

1. d4 Nf6 2. c4 e6 3. Nc3 Bb4 4. e3 b6 5. Bd3 Bb7 6. Nf3 0-0 7. 0-0 c5 8. Bd2 d6 9. a3 Bxc3 10. Bxc3 Nbd7 11. Nd2 a5 12. b4 axb4 13. axb4 Rxa1 14. Qxa1 Qa8 15. f3 Qxa1 16. Rxa1 Ra8 17. Rxa8+ Bxa8 18. Kf2 Kf8 19. g4 h6 20. h4 Ke7 21. Kg3 Bc6 22. dxc5 dxc5 23. b5 Bb7 24. e4 e5 25. Nf1 Ne8 26. Ne3 Nd6 27. Nf5+ Nxf5+ 28. exf5 f6 29. Kf2 e4 30. Bxe4 Bxe4 31. fxe4 Ne5 32. Bxe5 fxe5 33. h5 Kf6 34. Kf3 1-0

[Event "UKR-ch (Women)"]
[Site "Kramatorsk"]
[Date "2001.03.03"]
[Round "8"]
[White "Dolzhikova, Olga"]
[Black "Litynska, Marta"]
[Result "1/2-1/2"]
[WhiteElo "2198"]
[BlackElo "2374"]
[PlyCount "61"]
[EventDate "2001.03.26"]
[EventType "tourn"]
[EventRounds "13"]
[EventCountry "UKR"]
[EventCategory "2"]
[SourceTitle "CBM 081 Extra"]
[Source "ChessBase"]
[SourceDate "2001.05.06"]
[SourceVersion "1"]
[SourceVersionDate "2001.05.06"]
[SourceQuality "1"]

1. e4 c5 2. c3 Nf6 3. e5 Nd5 4. Nf3 e6 5. d4 cxd4 6. cxd4 b6 7. Bd3 Be7 8. 0-0 Ba6 9. Nc3 Nxc3 10. bxc3 Bxd3 11. Qxd3 0-0 12. d5 exd5 13. Qxd5 Nc6 14. Rd1 Qc7 15. Bf4 Rad8 16. Rd3 h6 17. Nd2 Bg5 18. Bxg5 hxg5 19. Nc4 Rfe8 20. Re3 Re6 21. Rd1 Ne7 22. Qd3 Ng6 23. Qd4 b5 24. Nd6 Rb8 25. g3 Rb6 26. Qd5 Qb8 27. c4 bxc4 28. Nxc4 Rb1 29. Qxd7 Nxe5 30. Nxe5 Rxe5 31. Rxe5 1/2-1/2

[Event "BL 0001 (Women)"]
[Site "Germany"]
[Date "2001.??.??"]
[Round "10.1"]
[White "Kunze, Kerstin"]
[Black "Litynska, Marta"]
[Result "0-1"]
[WhiteElo "2143"]
[BlackElo "2359"]
[PlyCount "84"]
[EventDate "2000.10.??"]
[EventType "team-tourn"]
[EventRounds "11"]
[EventCountry "GER"]
[SourceTitle "CBM 082 Extra"]
[Source "ChessBase"]
[SourceDate "2001.07.03"]
[SourceVersion "1"]
[SourceVersionDate "2001.07.03"]
[SourceQuality "1"]
[WhiteTeam "Leipzig Gohlis (W)"]
[BlackTeam "Krefeld Turm (W)"]
[WhiteTeamCountry "GER"]
[BlackTeamCountry "GER"]

1. e4 c5 2. Nf3 d6 3. Nc3 a6 4. a4 Nf6 5. d3 Nc6 6. h3 e6 7. g3 Be7 8. Bg2 Qc7 9. 0-0 Bd7 10. Be3 0-0 11. Nd2 Rab8 12. f4 b5 13. axb5 axb5 14. g4 b4 15. Ne2 Ne8 16. Ng3 Qd8 17. Nc4 Nc7 18. Bf2 g6 19. f5 d5 20. exd5 exd5 21. Ne3 Be8 22. c4 dxc4 23. Nxc4 Nd4 24. Ne4 Bc6 25. Bg3 gxf5 26. gxf5 f6 27. Qh5 Nd5 28. Bxb8 Qxb8 29. Kh1 Kh8 30. Ra6 Bb7 31. Ra5 Nf4 32. Qh4 Nxd3 33. Ncd2 Rg8 34. Raa1 Bc6 35. Bf3 Nxf5 36. Qh5 Bxe4 37. Nxe4 Ng3+ 38. Nxg3 Qxg3 39. Be4 Qg7 40. Rad1 c4 41. b3 Bd6 42. bxc4 Qg1+ 0-1

[Event "BL 0001 (Women)"]
[Site "Germany"]
[Date "2001.??.??"]
[Round "5.1"]
[White "Litynska, Marta"]
[Black "Dergatschova, Anna"]
[Result "1-0"]
[WhiteElo "2359"]
[BlackElo "2210"]
[PlyCount "111"]
[EventDate "2000.10.??"]
[EventType "team-tourn"]
[EventRounds "11"]
[EventCountry "GER"]
[SourceTitle "CBM 082 Extra"]
[Source "ChessBase"]
[SourceDate "2001.07.03"]
[SourceVersion "1"]
[SourceVersionDate "2001.07.03"]
[SourceQuality "1"]
[WhiteTeam "Krefeld Turm (W)"]
[BlackTeam "Holsterhausen (W)"]
[WhiteTeamCountry "GER"]
[BlackTeamCountry "GER"]

1. d4 d5 2. c4 c6 3. Nf3 dxc4 4. e3 Be6 5. a4 Nf6 6. Nc3 h6 7. Ne5 c5 8. a5 cxd4 9. exd4 Nc6 10. Qa4 Nd7 11. Nxc6 bxc6 12. Bxc4 Bxc4 13. Qxc4 Rc8 14. 0-0 Nf6 15. Qa6 Qd7 16. Bf4 e6 17. Be5 Be7 18. Rac1 0-0 19. Rc2 Rfd8 20. Rfc1 c5 21. Nb5 Ng4 22. h3 Nxe5 23. dxe5 Bg5 24. Rf1 Bf4 25. Nd6 Rc6 26. Qe2 Bxe5 27. Nxf7 Qxf7 28. Qxe5 Rd5 29. Qe2 Qc7 30. Ra1 c4 31. Qf3 Rcc5 32. g3 Rxa5 33. Rxa5 Rxa5 34. Qe4 Ra1+ 35. Kg2 Qd7 36. Rxc4 Rd1 37. Qa8+ Kh7 38. Qe4+ g6 39. Ra4 Rd5 40. Ra6 Rd6 41. Rxd6 Qxd6 42. Qb7+ Kg8 43. Qa8+ Kf7 44. Qxa7+ Kf6 45. Qb7 e5 46. b4 Ke6 47. b5 Qd3 48. Qc6+ Ke7 49. b6 e4 50. b7 Qf3+ 51. Kg1 Qd1+ 52. Kh2 Qd4 53. Kg2 Qe5 54. Qc8 e3 55. b8Q Qe4+ 56. Kh2 1-0

[Event "BL 0001 (Women)"]
[Site "Germany"]
[Date "2001.??.??"]
[Round "9.1"]
[White "Litynska, Marta"]
[Black "Skripchenko, Almira"]
[Result "1/2-1/2"]
[WhiteElo "2359"]
[BlackElo "2450"]
[PlyCount "64"]
[EventDate "2000.10.??"]
[EventType "team-tourn"]
[EventRounds "11"]
[EventCountry "GER"]
[SourceTitle "CBM 082 Extra"]
[Source "ChessBase"]
[SourceDate "2001.07.03"]
[SourceVersion "1"]
[SourceVersionDate "2001.07.03"]
[SourceQuality "1"]
[WhiteTeam "Krefeld Turm (W)"]
[BlackTeam "Heiligenhaus (W)"]
[WhiteTeamCountry "GER"]
[BlackTeamCountry "GER"]

1. d4 d5 2. c4 dxc4 3. Nf3 e6 4. e3 Nf6 5. Bxc4 a6 6. 0-0 b5 7. Bd3 c5 8. dxc5 Bxc5 9. a4 bxa4 10. Nc3 0-0 11. e4 a3 12. bxa3 e5 13. Bg5 Be7 14. Qc2 Nbd7 15. Bxf6 Bxf6 16. Nd5 Bb7 17. Nxf6+ Nxf6 18. Nxe5 Rc8 19. Qb2 Rb8 20. Qe2 Re8 21. f4 Nxe4 22. Rae1 Nf6 23. Bc4 Re7 24. Rd1 Qb6+ 25. Qf2 Qa5 26. Qd4 Rbe8 27. Rf2 Bc8 28. Rb2 Ng4 29. Re2 Nxe5 30. Rxe5 Rxe5 31. fxe5 g6 32. a4 Be6 1/2-1/2

[Event "BL 0001 (Women)"]
[Site "Germany"]
[Date "2001.??.??"]
[Round "6.1"]
[White "Michna, Marta"]
[Black "Litynska, Marta"]
[Result "1-0"]
[WhiteElo "2376"]
[BlackElo "2359"]
[PlyCount "101"]
[EventDate "2000.10.??"]
[EventType "team-tourn"]
[EventRounds "11"]
[EventCountry "GER"]
[SourceTitle "CBM 082 Extra"]
[Source "ChessBase"]
[SourceDate "2001.07.03"]
[SourceVersion "1"]
[SourceVersionDate "2001.07.03"]
[SourceQuality "1"]
[WhiteTeam "Hamburger SK (W)"]
[BlackTeam "Krefeld Turm (W)"]
[WhiteTeamCountry "GER"]
[BlackTeamCountry "GER"]

1. d4 Nf6 2. Nf3 e6 3. e3 c5 4. Bd3 b6 5. Nbd2 Bb7 6. 0-0 d6 7. b3 Nbd7 8. Bb2 Be7 9. Qe2 0-0 10. Rfd1 a6 11. c4 Re8 12. Rac1 Bf8 13. Bb1 Rc8 14. e4 cxd4 15. Bxd4 e5 16. Bb2 Nc5 17. b4 Ne6 18. Nb3 Nf4 19. Qe1 Qe7 20. c5 Qe6 21. h3 Nxh3+ 22. gxh3 Qxh3 23. Nh2 Ng4 24. Nxg4 Qxg4+ 25. Kf1 dxc5 26. bxc5 a5 27. Rc3 a4 28. Nd2 Bxc5 29. Rg3 Qh5 30. Nf3 Ba6+ 31. Kg2 f6 32. Rd7 Re7 33. Qd1 Qe8 34. Rxe7 Bxe7 35. Nh4 Rd8 36. Qg4 Bf8 37. Nf5 Qd7 38. Ba3 Bxa3 39. Rxa3 Bb5 40. Bd3 g6 41. Bxb5 Qxb5 42. Ne7+ Kg7 43. Nd5 Rxd5 44. exd5 Qxd5+ 45. Qf3 e4 46. Qe3 b5 47. Rc3 g5 48. Rc7+ Kg6 49. Re7 Kf5 50. Qh3+ Kf4 51. Qe6 1-0

[Event "ROM-chT2"]
[Site "Baile Tusnad"]
[Date "2000.??.??"]
[Round "?"]
[White "Baciu, Anca Otilia"]
[Black "Litynska, Marta"]
[Result "0-1"]
[WhiteElo "2117"]
[BlackElo "2374"]
[PlyCount "60"]
[EventDate "2000.??.??"]
[EventType "team"]
[EventRounds "9"]
[EventCountry "ROU"]
[SourceTitle "EXT 2001"]
[Source "ChessBase"]
[SourceDate "2000.11.22"]
[SourceVersion "1"]
[SourceVersionDate "2000.11.22"]
[SourceQuality "1"]

1. e4 c5 2. Nf3 d6 3. d4 cxd4 4. Nxd4 Nf6 5. Nc3 a6 6. Bc4 e6 7. 0-0 Nbd7 8. Bxe6 fxe6 9. Nxe6 Qb6 10. Nd5 Qa7 11. Be3 b6 12. Nec7+ Kf7 13. Nxa8 Qxa8 14. f3 Nxd5 15. exd5 Be7 16. c4 b5 17. cxb5 axb5 18. Qd3 Nf6 19. Rfd1 Bd7 20. b3 Rc8 21. a4 bxa4 22. bxa4 Qa5 23. Bf2 Bd8 24. Qa3 Bb6 25. Rab1 Bxf2+ 26. Kxf2 Qa7+ 27. Kg3 Rc2 28. Rf1 Nh5+ 29. Kh4 Qd4+ 30. f4 Qf6+ 0-1

[Event "BL 0001 (Women)"]
[Site "Germany"]
[Date "2000.??.??"]
[Round "4.1"]
[White "Schulz, Petra"]
[Black "Litynska, Marta"]
[Result "0-1"]
[WhiteElo "2134"]
[BlackElo "2359"]
[PlyCount "84"]
[EventDate "2000.10.??"]
[EventType "team-tourn"]
[EventRounds "11"]
[EventCountry "GER"]
[SourceTitle "CBM 082 Extra"]
[Source "ChessBase"]
[SourceDate "2001.07.03"]
[SourceVersion "1"]
[SourceVersionDate "2001.07.03"]
[SourceQuality "1"]
[WhiteTeam "Leipzig VGG (W)"]
[BlackTeam "Krefeld Turm (W)"]
[WhiteTeamCountry "GER"]
[BlackTeamCountry "GER"]

1. e4 c5 2. c3 Nf6 3. e5 Nd5 4. d4 cxd4 5. Nf3 e6 6. cxd4 b6 7. Nc3 Nxc3 8. bxc3 Qc7 9. Bd2 d6 10. Bd3 Nd7 11. exd6 Bxd6 12. 0-0 Bb7 13. h3 0-0 14. Qc2 Bxf3 15. gxf3 g6 16. Kg2 Bf4 17. h4 Nf6 18. Bxf4 Qxf4 19. Rh1 Rac8 20. Be4 Rc7 21. Rac1 Rfc8 22. Qd3 Nh5 23. Qe3 Qxe3 24. fxe3 Rxc3 25. Rce1 Ra3 26. Bb1 Rcc3 27. Kf2 Nf6 28. Re2 Nd5 29. Rhe1 f5 30. f4 Kg7 31. Kf3 Kh6 32. h5 gxh5 33. Kf2 b5 34. Kf3 b4 35. Kf2 a5 36. Kf3 Nf6 37. Rc2 Nd5 38. Rce2 Kg7 39. Kf2 h4 40. Rg1+ Kh8 41. Rge1 h3 42. Kf3 Rxe3+ 0-1

[Event "BL 9900 (Women)"]
[Site "Germany"]
[Date "1999.10.17"]
[Round "2.3"]
[White "Heyme, Sibylle"]
[Black "Litynska, Marta"]
[Result "0-1"]
[WhiteElo "2134"]
[BlackElo "2369"]
[PlyCount "48"]
[EventDate "1999.10.16"]
[EventType "team-tourn"]
[EventRounds "11"]
[EventCountry "GER"]
[SourceTitle "EXT 2000"]
[Source "ChessBase"]
[SourceDate "1999.11.16"]
[SourceVersion "1"]
[SourceVersionDate "1999.11.16"]
[SourceQuality "1"]
[WhiteTeam "Berlin Rotation"]
[BlackTeam "Krefeld Turm"]
[WhiteTeamCountry "GER"]
[BlackTeamCountry "GER"]

1. e4 c5 2. Nc3 d6 3. Nf3 a6 4. g3 b5 5. Bg2 Bb7 6. d3 Nd7 7. 0-0 e6 8. Be3 Be7 9. h3 Ngf6 10. Nh2 d5 11. exd5 Nxd5 12. Qd2 Nxe3 13. fxe3 Bxg2 14. Qxg2 0-0 15. Rf2 Qc7 16. Raf1 f5 17. e4 c4 18. d4 Bg5 19. Nd1 Bf6 20. e5 Be7 21. g4 fxg4 22. Nxg4 Kh8 23. Rf7 Nb6 24. Qxa8 Rxa8 0-1

[Event "BL 9899 (Women)"]
[Site "Germany"]
[Date "1999.02.28"]
[Round "9.3"]
[White "Litynska, Marta"]
[Black "Belic, Jordanka"]
[Result "1-0"]
[WhiteElo "2390"]
[BlackElo "2342"]
[PlyCount "159"]
[EventDate "1998.10.24"]
[EventType "team-tourn"]
[EventRounds "11"]
[EventCountry "GER"]
[SourceTitle "GER-chT"]
[Source "ChessBase"]
[SourceDate "1999.07.01"]
[SourceVersion "1"]
[SourceVersionDate "1999.07.01"]
[SourceQuality "1"]
[WhiteTeam "Krefeld"]
[BlackTeam "Elberfeld (W)"]
[WhiteTeamCountry "GER"]
[BlackTeamCountry "GER"]

1. d4 Nf6 2. c4 g6 3. Nf3 Bg7 4. g3 0-0 5. Bg2 d6 6. 0-0 c6 7. Nc3 Qa5 8. e4 e5 9. h3 Nbd7 10. Be3 Re8 11. Qc2 exd4 12. Nxd4 Ne5 13. b3 a6 14. Rad1 Rb8 15. Rfe1 c5 16. Nde2 Qc7 17. f4 Nc6 18. Qd2 Bf8 19. g4 b5 20. cxb5 axb5 21. g5 Nd7 22. Ng3 b4 23. Nd5 Qa5 24. Nf6+ Nxf6 25. gxf6 Nd4 26. f5 Re5 27. Bf4 Ra8 28. Ra1 Qd8 29. Nf1 Bb7 30. Bxe5 dxe5 31. fxg6 hxg6 32. Qg5 Qd6 33. Ne3 Ne6 34. Qh4 Nf4 35. Rad1 Qe6 36. Rd2 Ra6 37. Nc4 Qxf6 38. Qxf6 Rxf6 39. Bf1 Re6 40. Rd8 Kg7 41. Rd7 Bc6 42. Rc7 Kf6 43. Na5 Be8 44. Nb7 Rc6 45. Rxc6+ Bxc6 46. Na5 Bd7 47. h4 Bg4 48. Kf2 Ne6 49. Kg3 Bh5 50. Bc4 Ke7 51. Nb7 Nd4 52. Nxc5 Bh6 53. Nd3 Bd2 54. Rf1 f6 55. Nf2 f5 56. Bd3 Ke6 57. Nh3 Ne2+ 58. Kg2 Nf4+ 59. Nxf4+ Bxf4 60. a3 bxa3 61. Ra1 Be3 62. Rxa3 f4 63. Ra6+ Kd7 64. b4 Kc7 65. b5 Bb6 66. Ra8 Bd4 67. Rf8 Kb6 68. Rf6+ Kc7 69. Bc4 Be3 70. Rc6+ Kb8 71. Re6 f3+ 72. Kg3 Bd4 73. b6 f2 74. Kg2 Kc8 75. Ba6+ Kd7 76. Rf6 Bd1 77. b7 Ba7 78. Rxf2 Kc7 79. Rf7+ Kb6 80. Rf6+ 1-0

[Event "Lvov (Women)"]
[Site "Lvov"]
[Date "1999.??.??"]
[Round "?"]
[White "Lagvilava, Genrieta"]
[Black "Litynska, Marta"]
[Result "1-0"]
[WhiteElo "2264"]
[BlackElo "2383"]
[PlyCount "67"]
[EventDate "1999.??.??"]
[EventType "tourn"]
[EventRounds "10"]
[EventCountry "UKR"]
[SourceTitle "EXT 2002"]
[Source "ChessBase"]
[SourceDate "2001.11.25"]
[SourceVersion "1"]
[SourceVersionDate "2001.11.25"]
[SourceQuality "1"]

1. e4 c5 2. Nf3 Nc6 3. d3 g6 4. g3 Bg7 5. Bg2 e6 6. 0-0 Nge7 7. Re1 d5 8. e5 Qc7 9. Bf4 h6 10. h4 g5 11. hxg5 hxg5 12. Bxg5 Nxe5 13. Nxe5 Bxe5 14. Nc3 f6 15. Bd2 Bd7 16. Ne2 Bxb2 17. Rb1 Be5 18. c3 0-0-0 19. d4 Bd6 20. Nf4 Rdg8 21. Rxe6 Bxe6 22. Nxe6 Qc6 23. Nf4 Bxf4 24. Bxf4 c4 25. a4 Rd8 26. Qe2 Rd7 27. Qg4 Rg8 28. Qh5 Qxa4 29. Bh3 f5 30. Qf7 Rh8 31. Re1 Qa3 32. Kg2 b5 33. Qe6 Rh7 34. Bxf5 1-0

[Event "Lvov CC-ch 9899"]
[Site "Lvov"]
[Date "1999.??.??"]
[Round "?"]
[White "Litynska, Marta"]
[Black "Buturin, Vladimir"]
[Result "1/2-1/2"]
[WhiteElo "2340"]
[BlackElo "2460"]
[PlyCount "99"]
[EventDate "1998.??.??"]
[EventType "tourn"]
[EventRounds "11"]
[EventCountry "UKR"]
[SourceTitle "EXT 2002"]
[Source "ChessBase"]
[SourceDate "2001.11.25"]
[SourceVersion "1"]
[SourceVersionDate "2001.11.25"]
[SourceQuality "1"]

1. d4 Nf6 2. c4 c6 3. Nf3 d6 4. Nc3 Nbd7 5. Bg5 h6 6. Bh4 g5 7. Bg3 Nh5 8. e3 Bg7 9. Be2 0-0 10. Nd2 Nxg3 11. hxg3 f5 12. Nf3 e5 13. dxe5 dxe5 14. Qc2 Nc5 15. Rd1 Qe7 16. b4 e4 17. bxc5 exf3 18. gxf3 Qxc5 19. 0-0 Be6 20. Rc1 Rad8 21. Rfd1 Qa5 22. Nb1 Rxd1+ 23. Rxd1 Rd8 24. Rxd8+ Qxd8 25. f4 Qf6 26. Bd3 Qb2 27. Qxb2 Bxb2 28. fxg5 hxg5 29. a4 Kf7 30. Nd2 Bc3 31. Nf3 Kf6 32. Nd4 Bd7 33. Bc2 Bb4 34. f4 gxf4 35. gxf4 a6 36. Kf2 c5 37. Nf3 Be6 38. Bd3 Bd7 39. Bc2 Bc3 40. Nh4 Be6 41. Bd3 Ba5 42. Ke2 Bd7 43. Bc2 b5 44. axb5 axb5 45. cxb5 Bxb5+ 46. Bd3 c4 47. Bxf5 c3+ 48. Kd1 Bb6 49. Kc2 Bxe3 50. Bd3 1/2-1/2

[Event "Lvov (Women)"]
[Site "Lvov"]
[Date "1999.??.??"]
[Round "?"]
[White "Litynska, Marta"]
[Black "Karlovich, Anastazia"]
[Result "1-0"]
[WhiteElo "2383"]
[BlackElo "2246"]
[PlyCount "59"]
[EventDate "1999.??.??"]
[EventType "tourn"]
[EventRounds "10"]
[EventCountry "UKR"]
[SourceTitle "EXT 2002"]
[Source "ChessBase"]
[SourceDate "2001.11.25"]
[SourceVersion "1"]
[SourceVersionDate "2001.11.25"]
[SourceQuality "1"]

1. d4 Nf6 2. c4 c5 3. d5 b5 4. cxb5 a6 5. bxa6 g6 6. Nc3 Bxa6 7. e4 Bxf1 8. Kxf1 d6 9. g3 Bg7 10. Kg2 0-0 11. Nf3 Nbd7 12. h3 Ra6 13. Re1 Qa8 14. Re2 Rb8 15. Rc2 Nb6 16. Qe2 Na4 17. Bg5 Rb4 18. Bxf6 Bxf6 19. e5 dxe5 20. Ne4 Ra5 21. a3 Rb7 22. Re1 Qa6 23. Qd2 Rab5 24. b4 cxb4 25. Qh6 Rb8 26. Rc6 R5b6 27. Neg5 Bg7 28. Qxh7+ Kf8 29. Nxe5 Qb7 30. Nxg6+ 1-0